000 00262nam a2200097Ia 4500
008 240331s9999 xx 000 0 und d
082 _bGOO
100 _aSouth Asia SAP-N. ed
245 0 _aGood governance :
_benhancing perspective for strategic planning
942 _cL
999 _c5622
_d5622